| 000 | 004780000a22001690004500 | ||
|---|---|---|---|
| 003 | MACL | ||
| 005 | 20151230152357.0 | ||
| 008 | 151230b xxu||||| |||| 00| 0 eng d | ||
| 040 |
_aMACL _cMACL |
||
| 041 | _aEnglish | ||
| 082 | _a320.954/SIN | ||
| 100 |
_aSingh, Hira lal _925080 |
||
| 245 | _aProblems and Policies of The British in India 18851̜898 | ||
| 260 |
_bAsia Publishing House _c1963 _aNew York |
||
| 650 |
_aPolitical Science _925081 |
||
| 942 |
_cBK _k320.954/Sin _2ddc |
||
| 999 |
_c36263 _d36263 |
||